000 00704nam a2200205Ia 4500
001 5408
003 GE_BSU
008 181216s||||||||xx |||||||||||||| ||und||
040 _cGE_BSU
080 _a514(075.8)+517(075.8)
100 _aДанко П.Е., Кожевникова Т.Я.,Попов А. Г.
245 _aВысшая математика в упражнениях и задачах часть 1
245 _bУчебное пособие для студ. вузов
260 _aМосква
260 _bВысшая школа
260 _c1967
300 _a300 с. 20 см.
653 _aВысшая математика,упражнения,и задачах
942 _cBK
999 _c38958
_d38958